Normal view MARC view
  • Probabilidades

Entry Materia

Number of records used in: 46

001 - NÚMERO DE CONTROL DEL REGISTRO

  • campo de control: 8417

003 - IDENTIFICADOR DE NUMERO DE CONTROL

  • campo de control: MX-MxUPN

005 - FECHA Y HORA DE LA ÚLTIMA TRANSACCIÓN

  • campo de control: 20241105100649.0

008 - DATOS DE LONGITUD FIJA

  • campo de control de longitud fija: 241105nn|acnnnbabn n ana |d

035 ## - NÚMERO DE CONTROL DEL SISTEMA

  • Número de control del sistema: UPN10000008423

040 ## - FUENTE DE LA CATALOGACIÓN

  • Lengua de catalogación: spa
  • Agencia de transcripción: MX-MxUPN
  • Centro catalogador de origen: MX-MxUPN

053 ## - NÚMERO CLASIFICADOR - BIBLIOTECA DEL CONGRESO (LC)

  • Elemento numérico de la clasificación - Número único o no. inicial del rango: BC141
  • Frase explicativa: Lógica

053 #4 - NÚMERO CLASIFICADOR - BIBLIOTECA DEL CONGRESO (LC)

  • Elemento numérico de la clasificación - Número único o no. inicial del rango: QA273
  • Elemento numérico de la clasificación - Número único o no. final del rango: QA274.9
  • Frase explicativa: Matemáticas

053 #4 - NÚMERO CLASIFICADOR - BIBLIOTECA DEL CONGRESO (LC)

  • Elemento numérico de la clasificación - Número único o no. inicial del rango: QC174.85 P76
  • Frase explicativa: Física estadística

053 #4 - NÚMERO CLASIFICADOR - BIBLIOTECA DEL CONGRESO (LC)

  • Elemento numérico de la clasificación - Número único o no. inicial del rango: T57.3
  • Elemento numérico de la clasificación - Número único o no. final del rango: T57.33
  • Frase explicativa: Ingeniería industrial

150 ## - ENCABEZAMIENTO - TEMÁTICO

  • Término de materia o nombre geográfico como elemento inicial: Probabilidades

450 ## - VÉASE - MATERIA

  • Encabezamiento temático: Inferencia estadística

450 ## - VÉASE - MATERIA

  • Encabezamiento temático: Cálculo de probabilidades

450 ## - VÉASE - MATERIA

  • Encabezamiento temático: Probabilities

550 ## - VÉASE ADEMÁS - MATERIA

  • Encabezamiento temático o nombre geográfico como elemento de entrada: CASUALIDAD

670 ## - FUENTE EN LA QUE SE LOCALIZARON DATOS

  • Cita de la fuente: LEMB, 1998 :
  • Información localizada: página 840 (Probabilidades)

902 ## - CATALOGADOR

  • Catalogador: CAA/301096
  • Catalogador: MaríaRobles/051124